| 000 | 01562nam0a2200301 4500 | ||
|---|---|---|---|
| 001 | RU\NLR\bibl\552972 | ||
| 005 | 20250609160946.0 | ||
| 010 |
_a5-89091-229-1 _93000 |
||
| 021 |
_aRU _b2004-44847 _92227 |
||
| 035 | _a(NLR Aleph) 000545135 | ||
| 090 |
_a1437494 _c1437494 |
||
| 100 | _a20040915d2004 |||y0rusy50 ca | ||
| 101 | 1 |
_arus _cfre |
|
| 102 | _aRU | ||
| 105 | _aa ||||||||| | ||
| 200 | 1 |
_aПортрет А. _e[Избр. произведения _eПер. с фр.] _fАнри Мишо _g[Послесл. и примеч. Алины Поповой _gХудож. Михаил Занько] |
|
| 210 |
_aСПб. _cСимпозиум _d2004 |
||
| 215 |
_a443, [5] с. _cил. _d21 |
||
| 225 | 1 | _aEx Libris | |
| 327 | 0 | _aСодерж.: Разделы: Из книги "Басни о происхождении"; Из книги "Кто я был"; Из книги "Эквадор"; Из сборника "Мои владения"; Из книги "Дикарь в Азии"; Из сборника "Внутренние дали; Перо"; Скоро ты станешь отцом; Из сборника "Испытания, заклинания: 1940-1944"; Из сборника "Жизнь в складках"; Из сборника "Пассажи: 1937-1963" и др. | |
| 686 | _aШ6(4Фр)67я44{Лх1648-40} | ||
| 700 | 1 |
_4070 _7ca _8rus _aМишо _bА. _f1899-1984 _gАнри _9246619 _3RU\NLR\AUTH\770246675 |
|
| 801 | 0 |
_aRU _bNLR _c20040915 _gPSBO |
|
| 801 | 1 |
_aRU _bNLR _c20040915 |
|
| 942 | _cBOOK | ||
| 980 | _aNB | ||